| 000 | 00419cam a2200169ua 4500 | ||
|---|---|---|---|
| 020 | _c1.00 | ||
| 041 |
_aeng _h |
||
| 082 |
_a320.58 _bMAS/VI |
||
| 100 | _aMashruwala, K.G . | ||
| 245 |
_aVision of future India / _cK.G.Mashruwala. _hTextual Documents |
||
| 260 |
_aAhmadabad : _bNavajivan publishing house , _c1958. |
||
| 300 | _a120 ; . | ||
| 365 | _a1.00 | ||
| 504 | _a | ||
| 942 | _cBK | ||
| 999 |
_c925 _d925 |
||